Plastic piping handbook / (Record no. 60894)

000 -LEADER
fixed length control field 01487cam a2200361 a 4500
001 - CONTROL NUMBER
control field 12554979
003 - CONTROL NUMBER IDENTIFIER
control field NUST-PNEC
005 - DATE AND TIME OF LATEST TRANSACTION
control field 20170116180710.0
008 - FIXED-LENGTH DATA ELEMENTS--GENERAL INFORMATION
fixed length control field 011003s2002 nyua f 001 0 eng
010 ## - LIBRARY OF CONGRESS CONTROL NUMBER
LC control number 2001276700
015 ## - NATIONAL BIBLIOGRAPHY NUMBER
National bibliography number GBA0-W4468
020 ## - INTERNATIONAL STANDARD BOOK NUMBER
International Standard Book Number 0071359567
035 ## - SYSTEM CONTROL NUMBER
System control number (OCoLC)ocm44915832
040 ## - CATALOGING SOURCE
Transcribing agency PNEC
042 ## - AUTHENTICATION CODE
Authentication code lccopycat
050 00 - LIBRARY OF CONGRESS CALL NUMBER
Classification number TP1185.P5
Item number W55 2002
082 00 - DEWEY DECIMAL CLASSIFICATION NUMBER
Classification number 621.867 WIL
Edition number 21
100 1# - MAIN ENTRY--PERSONAL NAME
Personal name Willoughby, David A.
245 10 - TITLE STATEMENT
Title Plastic piping handbook /
Statement of responsibility, etc. David A. Willoughby, R. Dodge Woodson, Rick Sutherland.
260 ## - PUBLICATION, DISTRIBUTION, ETC.
Place of publication, distribution, etc. New York :
Name of publisher, distributor, etc. McGraw-Hill,
Date of publication, distribution, etc. c2002.
300 ## - PHYSICAL DESCRIPTION
Extent 1 v. (various pagings) :
Other physical details ill. ;
Dimensions 23 cm.
500 ## - GENERAL NOTE
General note Includes Index http://www.amazon.com/Plastic-Piping-Handbook-McGraw-Handbooks/dp/0071359567/ref=sr_1_1?s=books&ie=UTF8&qid=1412232362&sr=1-1&keywords=0071359567
650 #0 - SUBJECT ADDED ENTRY--TOPICAL TERM
Topical term or geographic name entry element Pipe, Plastic
Form subdivision Handbooks, manuals, etc.
General subdivision ME
650 #0 - SUBJECT ADDED ENTRY--TOPICAL TERM
Topical term or geographic name entry element Pipelines
Form subdivision Handbooks, manuals, etc.
700 1# - ADDED ENTRY--PERSONAL NAME
Personal name Woodson, R. Dodge
Fuller form of name (Roger Dodge),
Dates associated with a name 1955-
700 1# - ADDED ENTRY--PERSONAL NAME
Personal name Sutherland, Rick.
856 42 - ELECTRONIC LOCATION AND ACCESS
Materials specified Contributor biographical information
Uniform Resource Identifier <a href="http://www.loc.gov/catdir/bios/mh041/2001276700.html">http://www.loc.gov/catdir/bios/mh041/2001276700.html</a>
856 42 - ELECTRONIC LOCATION AND ACCESS
Materials specified Publisher description
Uniform Resource Identifier <a href="http://www.loc.gov/catdir/description/mh021/2001276700.html">http://www.loc.gov/catdir/description/mh021/2001276700.html</a>
856 41 - ELECTRONIC LOCATION AND ACCESS
Materials specified Table of contents
Uniform Resource Identifier <a href="http://www.loc.gov/catdir/toc/mh021/2001276700.html">http://www.loc.gov/catdir/toc/mh021/2001276700.html</a>
906 ## - LOCAL DATA ELEMENT F, LDF (RLIN)
a 7
b cbc
c copycat
d 2
e ncip
f 20
g y-gencatlg
942 ## - ADDED ENTRY ELEMENTS (KOHA)
Source of classification or shelving scheme
Koha item type Book
Holdings
Withdrawn status Lost status Source of classification or shelving scheme Damaged status Not for loan Permanent Location Current Location Shelving location Date acquired Source of acquisition Cost, normal purchase price Total Checkouts Full call number Barcode Date last seen Cost, replacement price Price effective from Koha item type
          Pakistan Navy Engineering College (PNEC) Pakistan Navy Engineering College (PNEC) Reference 04/29/2004 Capital Book Co. 6148.03   621.867 WIL PNECLIB-026461 10/02/2014 6148.03 04/29/2004 Book
          Pakistan Navy Engineering College (PNEC) Pakistan Navy Engineering College (PNEC) Reference 09/17/2007 Capital Book Company 6506.00   621.867 WIL PNECLIB-028472 10/15/2014 6506.00 09/17/2007 Book
© 2023 Central Library, National University of Sciences and Technology. All Rights Reserved.